[Event "Cidade do Salvador op"]
[Site "Cidade do Salvador"]
[Date "2009.04.11"]
[Round "5"]
[White "Soares de Macedo, Alexandre Ricardo"]
[Black "Azevedo de Carvalho, Antonio"]
[Result "0-1"]
[WhiteElo "2005"]
[BlackElo "1890"]
[PlyCount "80"]
[EventDate "2009.04.09"]
[EventType "swiss"]
[EventRounds "7"]
[EventCountry "BRA"]
[SourceTitle "EXT 2012"]
[Source "ChessBase"]
[SourceDate "2011.11.24"]
[SourceVersion "1"]
[SourceVersionDate "2011.11.24"]
[SourceQuality "1"]

1. b4 d5 2. e3 e5 3. Bb2 Nd7 4. a3 Ngf6 5. c4 c6 6. cxd5 cxd5 7. Nf3 Bd6 8. Nc3 a6 9. Be2 0-0 10. 0-0 b5 11. Re1 Bb7 12. Bf1 Re8 13. Ne2 e4 14. Nh4 Ng4 15. g3 Nxh2 16. Kxh2 Qxh4+ 17. Bh3 Qh6 18. Rh1 Ne5 19. Kg1 Qf6 20. Nf4 Re7 21. Bd4 g6 22. Qb3 Qg5 23. Bf1 Nc4 24. Bc3 Be5 25. Bxc4 dxc4 26. Qb2 Rd8 27. Bxe5 Qxe5 28. Qxe5 Rxe5 29. Rd1 Re7 30. Ne2 Red7 31. Nd4 Kg7 32. a4 Rxd4 33. exd4 Rxd4 34. Kf1 Bc8 35. axb5 axb5 36. Ke1 Bg4 37. Rc1 Rd5 38. Rh4 Rh5 39. d4 exd3 40. Kd2 Re5 0-1